000 00244nam a22001097a 4500
041 _aENG
245 _aLecture Document Short term Teaining Programme
260 _aIndia
_bCftri
_c2006
300 _a161
650 _aGAE (37)
856 _uGAE (37)
999 _c3158
_d3158